000 00512nam a2200193Ia 4500
003 OSt
005 20221007083116.0
006 a|||||r|||| 00| 0
007 ta
008 221006b |||||||| |||| 00| 0 eng d
024 _a23,224
037 _cDissertations
040 _aFLL
_cFLL
_beng
041 _2eng
_aeng
100 _aPrakash Ved
245 0 _aLaw of hire-purchase in India - a critical study of the hire-purchase act 1972
942 _cDIS
_2CC
999 _c1168830
_d1168830